LDR 00563naa#a2200169#i#450# 001 EN\\bibl\121658 005 20260606185904.6 011 ## _a2500-1795 100 ## _a20260525b2026####ek#y0engy0150####ca 102 ## _aRU 200 1# _aTHE EPITHET LOW IN M. TSVETAEVA'S POETRY AND IT'S FIGURATIVE POTENTIAL _eJournal article 210 1# _aNizhnevartovsk _cNizhnevartovsk State University _d2026 215 ## _a5 с. 608 ## _aJournal article _2local 675 ## _aЛингвистика. Языкознание. Языки. 81 _z 700 #1 _aGubanov _gSergey A. 856 4# _avestnik.nvsu.ru _u